| 000 | 00856cam a2200193 i 4500 | ||
|---|---|---|---|
| 005 | 20251203092655.0 | ||
| 008 | 250721s2010 jo gr 000 0 ara d | ||
| 082 | 1 | 4 |
_a214.2 _bذهب |
| 100 | 1 |
_aالذهبي، شمس الدين ابو عبدالله محمد بن احمد بن عثمان الشافعي _eمؤلف. _d(748ه) |
|
| 245 | 1 | 0 |
_aكتاب العرش / _cتاليف ابو عبدالله محمد بن احمد بن عثمان الذهبي ؛ دراسه وتحقيق محمد بن خليفة التميمي. |
| 250 | _aالطبعة الاولى. | ||
| 264 | 1 |
_aاربد : _bالمركز القومي للنشر والتوز، _c2010. |
|
| 300 | _aالجزء الاول. | ||
| 650 | 1 | 7 | _aالعقيدة الدينية. |
| 650 | 1 | 7 | _aالله. |
| 650 | 1 | 7 | _aالاسماء الحسنى. |
| 942 |
_2ddc _cBK |
||
| 999 |
_c123303 _d123303 |
||